000 02200cam a2200313 4500500
005 20251228080534.0
041 _afre
042 _adc
100 1 0 _aLadsous, Jacques
_eauthor
245 0 0 _aDe la revendication de l'identité originelle à la conquête de l'altérité
260 _c2006.
500 _a15
520 _aLa constitution de la République française proclame que tous les citoyens ont droit à la liberté, l’égalité et que la fraternité et la laïcité sont des vertus qu’ils sont censés pratiquer entre eux. Mais qui est citoyen ? et tous les citoyens sont-ils traités de la même façon ? Pour lutter contre le sentiment d’exclusion, n’est-il pas utile de passer par une meilleure conscience de son identité qui permet alors de percevoir l’autre différent, comme égal à soi-même... à condition que cette identité n’enferme pas dans un communautarisme à son tour excluant.
520 _aFrom the claim to an original identity to the conquest of otherness: about the creation of the representative council of black organisationsThe constitution of the French republic proclaims that all citizens have a right to liberty, equality, and fraternity and that secularism are virtues that should be practised between them. But what is a citizen? Are all citizens treated in the same way? To fight against the feeling of exclusion, would it not be useful to aim at a better consciousness of one’s own identity that would enable us to see different others as equal to oneself. The condition being that this identity should not close us off in a form of communitarism that would in turn be a source of exclusion.
690 _acitoyens
690 _acommunautarisme
690 _adroits et non droits
690 _aexclusion
690 _aidentité intégration
690 _arivalité
690 _acitizens
690 _aexclusion
690 _aidentity
690 _aintegrating communitarism
690 _arights and non rights
690 _arivality
786 0 _nVie sociale | 4 | 4 | 2006-12-01 | p. 107-111 | 0042-5605
856 4 1 _uhttps://shs.cairn.info/revue-vie-sociale-2006-4-page-107?lang=fr&redirect-ssocas=7080
999 _c1598333
_d1598333